Analyses of Factors Affecting the Withdrawal of Life Insurance Policyholders
Analýza poistencov v oblasti životného poistenia za účelom zistenia, či odstúpenie od poistky je funkciou určitých faktorov alebo premenných. Analýza faktorov vplývajúcich na ukončenie zmluvy. Použitie analytického softvéru.
Guardado en:
| Autor principal: | |
|---|---|
| Otros Autores: | |
| Formato: | Capítulo de libro |
| Lenguaje: | inglés |
| Materias: | |
| Etiquetas: |
Sin Etiquetas, Sea el primero en etiquetar este registro!
|
MARC
| LEADER | 00000nla a2200000 4500 | ||
|---|---|---|---|
| 001 | 0231141 | ||
| 005 | 20240417075120.8 | ||
| 041 | 0 | |a eng | |
| 044 | |a SK | ||
| 245 | 1 | 0 | |a Analyses of Factors Affecting the Withdrawal of Life Insurance Policyholders |c Katarína Sakálová, František Peller |
| 520 | |a Analýza poistencov v oblasti životného poistenia za účelom zistenia, či odstúpenie od poistky je funkciou určitých faktorov alebo premenných. Analýza faktorov vplývajúcich na ukončenie zmluvy. Použitie analytického softvéru. | ||
| 610 | 2 | 0 | |a poistenie životné |
| 610 | 2 | 0 | |a softvér |
| 610 | 2 | 0 | |a poisťovníctvo |
| 610 | 2 | 0 | |a správanie spotrebiteľa |
| 100 | 1 | |a Sakálová, Katarína, 1955- | |
| 700 | 1 | |a Peller, František | |